000 00665nam a22002297a 4500
003 UA-OsUOA
001 124075
007 ta
008 20170724b un ||||| |||| 00| 0 ukr d
090 _a341.4(075.8)
_bМ43
942 _cBK
040 _aUA-OsUOA
_brus
_cUA-OsUOA
_dUA-OsUOA
245 _aМеждународное уголовное право
_bучебное пособие
_cпод общ. ред. В. Н. Кудрявцева
300 _a264 с.
955 _a2
041 _arus
080 _a341.4(075.8)
020 _a5-02-008292-9
260 _aМ.
_bНаука
_c1999
650 7 _a341 Міжнародне право
_2UDC
999 _c411301
_d411301